000
00287nam a2200097Ia 4500
008
220204s9999 xx 000 0 und d
082
_a
331:631.96(540)
_b
IND
245
0
_a
Survey of the living conditions of tea plantation labour in Tripura
260
_a
India
_b
Tea Board
_c
1962
942
_c
BK
999
_c
20076
_d
20076